Name All The U.S. Territories - Statistics

General Stats
  • This quiz has been taken 54 times
  • The average score is 5 of 14
Answer Stats
Region Acquired Population Answer % Correct
Caribbean 1899 3,285,874 Puerto Rico
91%
Pacific 1899 153,836 Guam
79%
Caribbean 1917 87,146 U.S. Virgin Islands
73%
Pacific 1900 49,710 American Samoa
64%
Pacific 1986 47,329 Northern Mariana Islands
45%
Pacific 1867 40 Midway Atoll
30%
Pacific 1858 0 Johnston Atoll
15%
Pacific 1899 0 Wake Island
15%
Pacific 1922 0 Kingman Reef
9%
Pacific 1900 20 Palmyra Atoll
9%
Pacific 1857 0 Baker Island
6%
Pacific 1858 0 Jarvis Island
6%
Caribbean 1857 0 Navassa Island
6%
Pacific 1857 0 Howland Island
3%
No matching quizzes found
Score Distribution
Percent of People with Each Score
Percentile by Number Answered
Your Score History
You have not taken this quiz